000 00573nam a2200229Ia 4500
008 210210b2008 xxu||||| |||| 00| 0 eng d
041 _aeng
082 _a032.02 SACC
100 _aSACHDEVA (S K) Ed
245 _aCompetition success review ever latest general knowledge
260 _aNew Delhi
_bCompetition Review Pvt. Ltd.
_c2008
300 _a192
650 _asuccess
650 _areview
650 _alatest
650 _aknowledge
650 _ageneral
650 _aever
650 _aCompetition
690 _aGeneral Knowledge
906 _aSG05064
999 _c133379
_d133379